000 00695nam a2200217 i 4500
001 113516
003 ES-MaACL
005 20241214063028.0
007 t|
008 061121m19641965sp r ||||1| spa d
100 1 _aPalafox y Mendoza, Juan de,
_d1600-1659
_9239354
245 1 0 _aVarón de deseos /
_cvenerable Juan de Palafox.
260 _aMadrid :
_bRialp,
_c1964-1965.
300 _a2 v. ;
_c16 cm.
490 1 _aNeblí, clásicos de espiritualidad ;
_v31-32
650 _aMisticismo.
_915086
650 4 _aAscetismo.
_910365
830 0 _aNeblí, clásicos de espiritualidad ;
_v31-32
_9190968
852 _aES-MaACL
_jD-432-33
_bR.54206
999 _c113516
_d113516